Science Quiz

Random Science or Numbers Quiz

Prime Number or Not? Quiz Stats

Quiz Updated Feb 16, 2015

Challenge
Share
Tweet
Embed
Score 0/80 Timer 03:00
0 Plays Today
Number 'P'rime or 'N'ot? % Correct
13???
69.7%
17???
69.3%
7???
69.2%
19???
69.1%
31???
68.1%
5???
68.1%
11???
68.1%
23???
68.1%
37???
67.3%
29???
67%
3???
66.8%
43???
66.4%
42???
65.8%
1000???
65.5%
41???
65.1%
59???
65%
4???
64.8%
53???
64.3%
222???
64.3%
47???
64.1%
21???
64.1%
55???
64.1%
99???
64.1%
15???
63.9%
71???
63.8%
73???
63.7%
61???
63.6%
225???
63.2%
83???
62.7%
999???
62.7%
27???
62.6%
114???
62.5%
2???
62.2%
79???
61.7%
49???
61.7%
69???
61.6%
63???
61.5%
103???
61.4%
105???
61.3%
67???
61.1%
Number 'P'rime or 'N'ot? % Correct
107???
60.8%
77???
60.3%
97???
59.5%
137???
59.5%
101???
58.9%
639???
57.1%
321???
56.5%
199???
55.2%
89???
55.2%
1103???
54%
751???
52.5%
111???
52.4%
151???
51.8%
2011???
51.5%
641???
51.5%
123???
50.8%
1747???
50.8%
141???
50.4%
1551???
50.3%
947???
50.1%
267???
49.1%
201???
49%
153???
48.6%
1999???
48.4%
207???
47.8%
263???
47.6%
2001???
47.5%
51???
47.5%
171???
47.1%
149???
47%
117???
44.5%
2013???
44.3%
87???
43.5%
989???
39.5%
187???
35.5%
1967???
33.5%
1001???
33%
253???
32.1%
1337???
30.7%
703???
27.6%

You're not logged in!

Compare scores with friends on all Sporcle quizzes.
Sign Up with Email
OR
Log In

You Might Also Like...

Show Comments

Extras

Top Quizzes Today


Score Distribution

Your Account Isn't Verified!

In order to create a playlist on Sporcle, you need to verify the email address you used during registration. Go to your Sporcle Settings to finish the process.